000 00683nam a2200217Ia 4500
001 17812
003 GE_BSU
008 181216s||||||||xx |||||||||||||| ||und||
040 _cGE_BSU
080 _a621.22(075.8)
100 _aУчигус,А.А.
245 _aГидравлика и гидравлические машины.
245 _cРед. А.С.Нестеренко.
250 _a3-е изд., перераб.
260 _aХарьков.
260 _bИзд-во Харьковского ун-та.
260 _c1966.
300 _a399 стр. с илл. 21 см.
653 _aГидравлика и гидравлические машины.
942 _cBK
999 _c50857
_d50857